| 000 | 00645nam a22001937a 4500 | ||
|---|---|---|---|
| 008 | 150407b xxu||||| |||| 00| 0 eng d | ||
| 020 | _a9780472065493 | ||
| 050 | _aGE60.S4713 1995 | ||
| 100 |
_aSerres, M. _916917 |
||
| 245 |
_aThe Natural contract _c/by Michael Serres |
||
| 260 |
_aUSA _bUniversity of Michigan Press _c1995 |
||
| 300 |
_av,124p. ; _c22cm |
||
| 440 |
_aStudies in literature and science _916918 |
||
| 650 |
_aEnvironmental sciences _xPhilosophy _916919 |
||
| 650 |
_aEnvironmental responsibility _93516 |
||
| 700 |
_aMacArthur, Elizabeth (trans.) _916920 |
||
| 700 |
_aPaulson, W. (trans.) _916921 |
||
| 942 |
_2lcc _cMONOGRAPH |
||
| 999 |
_c122577 _d122577 |
||